Story a day for every day of the year:summer (Record no. 14246)
[ view plain ]
| 000 -LEADER | |
|---|---|
| fixed length control field | 01254nam a22002897a 4500 |
| 005 - DATE AND TIME OF LATEST TRANSACTION | |
| control field | 2008070709199.0 |
| 006 - FIXED-LENGTH DATA ELEMENTS--ADDITIONAL MATERIAL CHARACTERISTICS--GENERAL INFORMATION | |
| fixed length control field | a|||||r|||||00| 1 |
| 007 - PHYSICAL DESCRIPTION FIXED FIELD--GENERAL INFORMATION | |
| fixed length control field | ta |
| 008 - FIXED-LENGTH DATA ELEMENTS--GENERAL INFORMATION | |
| fixed length control field | 080611t xxu||||| |||| 00| 0 eng d |
| 010 ## - LIBRARY OF CONGRESS CONTROL NUMBER | |
| LC control number | B-269923-926 |
| 020 ## - INTERNATIONAL STANDARD BOOK NUMBER | |
| Terms of availability | 6250.00 (a set of 4 vols.) |
| 035 ## - SYSTEM CONTROL NUMBER | |
| System control number | B-269923-926 |
| 037 ## - SOURCE OF ACQUISITION | |
| Source of stock number/acquisition | Grolier International/7.5.08/12/8.4.08/5.6.08/6250.00 (set of 4 vol.) |
| 040 ## - CATALOGING SOURCE | |
| Original cataloging agency | DPL |
| Language of cataloging | EN |
| 082 ## - DEWEY DECIMAL CLASSIFICATION NUMBER | |
| Classification number | S / DIS |
| 100 ## - MAIN ENTRY--PERSONAL NAME | |
| Personal name | Disney, Walt |
| 245 ## - TITLE STATEMENT | |
| Title | Story a day for every day of the year:summer |
| Statement of responsibility, etc | Walt Disney |
| 260 ## - PUBLICATION, DISTRIBUTION, ETC. (IMPRINT) | |
| Name of publisher, distributor, etc | Grolier Enterprises |
| Date of publication, distribution, etc | 2006 |
| Place of publication, distribution, etc | Danbury |
| 270 ## - ADDRESS | |
| Address | Danbury, Connecticut |
| 300 ## - PHYSICAL DESCRIPTION | |
| Extent | 159p.: |
| Dimensions | 26 cm (Hb) |
| Other physical details | col. photos |
| 700 ## - ADDED ENTRY--PERSONAL NAME | |
| Personal name | |
| 942 ## - ADDED ENTRY ELEMENTS (KOHA) | |
| Koha item type | Children Books |
| Classification part | S / DIS |
| Source of classification or shelving scheme | Dewey Decimal Classification |
| Withdrawn status | Lost status | Damaged status | Not for loan | Collection code | Home library | Current library | Date acquired | Cost, normal purchase price | Total Checkouts | Full call number | Barcode | Date last seen | Copy number | Cost, replacement price | Price effective from | Koha item type |
|---|---|---|---|---|---|---|---|---|---|---|---|---|---|---|---|---|
| Reference | Central Library | Central Library | 07/07/2008 | 6250.00 | S / DIS | B-269923 | 15/09/2008 | 1 | 6250.00 | 15/09/2008 | Children Books | |||||
| Reference | Karol Bagh | Karol Bagh | 07/07/2008 | 6250.00 | S / DIS | B-269926 | 15/09/2008 | 1 | 6250.00 | 15/09/2008 | Children Books | |||||
| Reference | Patel Nagar | Patel Nagar | 07/07/2008 | 6250.00 | S / DIS | B-269924 | 15/09/2008 | 1 | 6250.00 | 15/09/2008 | Children Books | |||||
| Reference | Sarojini Nagar | Sarojini Nagar | 07/07/2008 | 6250.00 | S / DIS | B-269925 | 15/09/2008 | 1 | 6250.00 | 15/09/2008 | Children Books |
